000 00624nam a2200193 i 4500
001 132939
003 ES-MaACL
005 20230906194301.0
007 t|
008 070214s1919 sp r ||||1| spa d
100 1 _aRoyo Villanova, Antonio,
_d1869-1958
_9100235
245 1 3 _aLa autonomía y la municipalización
_b: conferencia del 10 de abril de 1919 /
_cAntonio Royo Villanova.
260 _aMadrid :
_b[s. n.],
_c1919 (
_fImp. Municipal)
300 _a36 p. ;
_c23 cm.
650 4 _aAutonomía municipal.
_9151030
852 _aES-MaACL
_j1572-F-23
852 _aES-MaACL
_j1587-F-11
999 _c132939
_d132939